000 00803nab a2200241 u 4500
001 11277
003 HDC
007 cr bn ---aaaaa
008 210206c9999 |r|noo 0 a eng d
040 _aHDC
110 _aBernama
245 0 _aRevive Entrepreneur And Cooperative Development Ministry - Wanita Umno
260 _a[no place] :
_b[publisher not identified],
_c[no year]
336 _atext
_2rdacontent
337 _acomputer
_2rdamedia
338 _aonline resource
_2rdacarrier
650 _abumiputera economy
_99022
650 _ahalal industry
_9144
856 _zRequest full-text at [email protected]
942 _2lcc
942 _cNEWS
942 _kNWSO 001293
999 _c8600
_d8600